[Event "GEO 68 Ch"]
[Site "?"]
[Date "2009.01.23"]
[Round "7.1"]
[White "Benidze, Davit"]
[Black "Pantsulaia, Levan"]
[Result "1-0"]
[WhiteElo "2423"]
[BlackElo "2583"]
[PlyCount "101"]
[EventDate "2009.??.??"]

1. e4 c6 2. d4 d5 3. Nc3 dxe4 4. Nxe4 Bf5 5. Ng3 Bg6 6. h4 h6 7. Nf3 Nf6 8. h5
Bh7 9. Bd3 Bxd3 10. Qxd3 e6 11. Bf4 Qa5+ 12. Bd2 Bb4 13. c3 Bd6 14. c4 Bb4 15.
O-O Bxd2 16. Nxd2 O-O 17. c5 Rd8 18. Nde4 Nxe4 19. Nxe4 Rd5 20. Qf3 Nd7 21.
Rfd1 Rf5 22. Qb3 Rb8 23. Qh3 Nf6 24. Qg3 Qd8 25. Nxf6+ Rxf6 26. Re1 Rc8 27. Re4
Rf5 28. Rh4 Qf6 29. Re1 Rg5 30. Qh3 Rd8 31. Ree4 Qf5 32. Qxf5 Rxf5 33. Re3 Rfd5
34. Rb3 R8d7 35. g3 Kf8 36. Kg2 a5 37. a3 e5 38. dxe5 Rxe5 39. Rc3 Rd2 40. b4
Rf5 41. Rf3 Rxf3 42. Kxf3 Rd3+ 43. Ke2 Rxa3 44. bxa5 Rxa5 45. Rc4 Ke7 46. Ke3
f5 47. Kd4 Ke6 48. Rb4 b5 49. cxb6 c5+ 50. Kc4 cxb4 51. b7 1-0

[Event "GEO 68 Ch"]
[Site "?"]
[Date "2009.01.23"]
[Round "7.2"]
[White "Bregadze, Levan"]
[Black "Mchedlishvili, Mikheil"]
[Result "0-1"]
[WhiteElo "2394"]
[BlackElo "2619"]
[PlyCount "68"]
[EventDate "2009.??.??"]

1. d4 Nf6 2. Nf3 g6 3. g3 Bg7 4. Bg2 O-O 5. O-O d6 6. c4 Nbd7 7. Nc3 e5 8. e3
Re8 9. b3 c6 10. Ba3 e4 11. Nd2 d5 12. cxd5 cxd5 13. Qc2 Qa5 14. Qb2 Nf8 15.
Rfe1 Bd7 16. Bd6 h5 17. Qa3 Qd8 18. b4 a6 19. b5 axb5 20. Qb4 Bc6 21. Nxb5 Bxb5
22. Bxf8 Bc6 23. Bxg7 Kxg7 24. a4 h4 25. a5 hxg3 26. hxg3 Ng4 27. Bh3 Qg5 28.
Kg2 Bd7 29. Rh1 Rh8 30. Bxg4 Bxg4 31. Qd6 Rxh1 32. Rxh1 Rxa5 33. Qc7 Ra8 34.
Qxb7 Bf3+ 0-1

[Event "GEO 68 Ch"]
[Site "?"]
[Date "2009.01.23"]
[Round "7.3"]
[White "Charkhalashvili, Inga"]
[Black "Shanava, Konstantine"]
[Result "0-1"]
[WhiteElo "2337"]
[BlackElo "2508"]
[PlyCount "88"]
[EventDate "2009.??.??"]

1. d4 g6 2. Nf3 Bg7 3. Bf4 d6 4. c3 Nd7 5. e3 e5 6. dxe5 dxe5 7. Bg3 Ne7 8. h3
O-O 9. Nbd2 h6 10. Nc4 Nc6 11. a4 Qe7 12. Be2 f5 13. O-O f4 14. exf4 exf4 15.
Bh2 g5 16. Re1 Qf6 17. Qd5+ Kh8 18. g4 Rd8 19. Rad1 Nf8 20. Qe4 Be6 21. Qc2
Rxd1 22. Rxd1 Re8 23. Bd3 Bd5 24. Nfd2 a6 25. a5 Qe7 26. Kf1 Nd7 27. Bg1 Nc5
28. f3 Nxd3 29. Qxd3 Qe6 30. Bf2 Rd8 31. Re1 Qf7 32. Qe2 Bf6 33. Kg2 h5 34. Na3
Ne5 35. Ne4 Bc6 36. Bd4 Rxd4 37. cxd4 Ng6 38. Nc2 Bg7 39. Nxg5 Nh4+ 40. Kf2 Qd5
41. Ne6 Nxf3 42. Rd1 Bf6 43. Nxf4 Bh4+ 44. Ke3 Qe4# 0-1

[Event "GEO 68 Ch"]
[Site "?"]
[Date "2009.01.23"]
[Round "7.5"]
[White "Sanikidze, Tornike"]
[Black "Margvelashvili, Giorgi"]
[Result "1/2-1/2"]
[WhiteElo "2522"]
[BlackElo "2484"]
[PlyCount "45"]
[EventDate "2009.??.??"]

1. d4 d5 2. c4 e6 3. Nf3 Nf6 4. Nc3 Be7 5. Bg5 h6 6. Bh4 O-O 7. e3 Ne4 8. Bxe7
Qxe7 9. Rc1 c6 10. Bd3 Nxc3 11. Rxc3 Nd7 12. O-O dxc4 13. Bxc4 b6 14. Qe2 c5
15. Rd1 Bb7 16. Ba6 cxd4 17. Nxd4 Nc5 18. Bxb7 Qxb7 19. b4 Ne4 20. Rc2 Rac8 21.
Rdc1 Rxc2 22. Qxc2 Nd6 23. Nc6 1/2-1/2

[Event "GEO 68 Ch"]
[Site "?"]
[Date "2009.01.23"]
[Round "7.6"]
[White "Bagaturov, Giorgi"]
[Black "Gagunashvili, Merab"]
[Result "0-1"]
[WhiteElo "2492"]
[BlackElo "2585"]
[PlyCount "96"]
[EventDate "2009.??.??"]

1. Nf3 d6 2. g3 e5 3. d3 g6 4. Bg2 Bg7 5. O-O f5 6. c4 Nf6 7. Nc3 O-O 8. Bg5 h6
9. Bxf6 Qxf6 10. Rb1 Qf7 11. Nd2 c6 12. Qc2 Be6 13. b4 Nd7 14. b5 Rfc8 15. bxc6
bxc6 16. Rb7 d5 17. Na4 Qe8 18. e4 dxe4 19. dxe4 f4 20. c5 Rcb8 21. Rxb8 Rxb8
22. Rb1 Bf8 23. Rxb8 Qxb8 24. Bf1 Kh7 25. Bc4 Bg4 26. Qb3 Qxb3 27. Nxb3 Bd1 28.
Be6 Nf6 29. gxf4 exf4 30. Bc8 Nxe4 31. Bd7 Nd2 32. Nxd2 Bxa4 33. Ne4 Kg7 34.
Kg2 Kf7 35. Nc3 Ke7 36. Bg4 Bc2 37. Bf3 Kd7 38. Ne4 Bg7 39. Kh3 a5 40. Kg4 Be5
41. Nd6 a4 42. a3 Bb3 43. Be4 Be6+ 44. Kf3 Bxd6 45. cxd6 Bd5 46. Kxf4 g5+ 47.
Ke3 Bxe4 48. Kxe4 Kxd6 0-1

[Event "GEO 68 Ch"]
[Site "?"]
[Date "2009.01.24"]
[Round "8.2"]
[White "Mchedlishvili, Mikheil"]
[Black "Benidze, Davit"]
[Result "1-0"]
[WhiteElo "2619"]
[BlackElo "2423"]
[PlyCount "103"]
[EventDate "2009.??.??"]

1. e4 c5 2. Nf3 d6 3. d4 cxd4 4. Nxd4 Nf6 5. Nc3 Nc6 6. Bg5 Qb6 7. Nb3 e6 8.
Bxf6 gxf6 9. Qd2 Bd7 10. O-O-O O-O-O 11. f4 Kb8 12. Kb1 Na5 13. Be2 Nxb3 14.
axb3 Qc5 15. f5 Qe5 16. Bh5 Be8 17. g4 Rg8 18. Rhe1 Rg5 19. Qf2 Qa5 20. Ne2 Qc7
21. Nd4 Qe7 22. h3 Bh6 23. Rf1 e5 24. Ne2 Bc6 25. Nc3 Qc7 26. b4 a6 27. Rd3
Rgg8 28. Rfd1 Rd7 29. Rd5 Rc8 30. Ra5 Bf8 31. Ra2 Qd8 32. b5 axb5 33. Qa7+ Kc7
34. Qa5+ Kb8 35. Qa7+ Kc7 36. Nd5+ Bxd5 37. Rxd5 Rb8 38. g5 fxg5 39. Ra3 b4 40.
Ra4 f6 41. Rxb4 Kc8 42. Be2 Rc7 43. Bb5 h5 44. Rb3 Rc5 45. Rbd3 Rc7 46. c4 b6
47. Qa6+ Rbb7 48. c5 bxc5 49. Bc6 Rxc6 50. Qxc6+ Qc7 51. Qe8+ Qd8 52. Rxc5+ 1-0

[Event "GEO 68 Ch"]
[Site "?"]
[Date "2009.01.24"]
[Round "8.3"]
[White "Shanava, Konstantine"]
[Black "Bregadze, Levan"]
[Result "1-0"]
[WhiteElo "2508"]
[BlackElo "2394"]
[PlyCount "57"]
[EventDate "2009.??.??"]

1. e4 e5 2. Nf3 Nc6 3. Bc4 Bc5 4. c3 Nf6 5. d3 a6 6. Bb3 d6 7. O-O O-O 8. Nbd2
Ba7 9. h3 h6 10. Re1 Nh5 11. Nf1 Qf6 12. Ne3 Nf4 13. Ng4 Bxg4 14. hxg4 Nd8 15.
Rf1 Nde6 16. g3 Ng6 17. Kg2 c6 18. Rh1 Rad8 19. Rh5 d5 20. Qe2 Nc5 21. Bc2 dxe4
22. dxe4 Qd6 23. g5 Nd3 24. Bxd3 Qxd3 25. Qxd3 Rxd3 26. gxh6 Rd1 27. hxg7 Rfd8
28. Bg5 Rxa1 29. Bf6 1-0

[Event "GEO 68 Ch"]
[Site "?"]
[Date "2009.01.24"]
[Round "8.5"]
[White "Arutinian, David"]
[Black "Sanikidze, Tornike"]
[Result "0-1"]
[WhiteElo "2586"]
[BlackElo "2522"]
[PlyCount "104"]
[EventDate "2009.??.??"]

1. d4 d5 2. c4 e6 3. Nf3 Nf6 4. Nc3 Be7 5. Bg5 h6 6. Bxf6 Bxf6 7. Qb3 c6 8.
O-O-O dxc4 9. Qxc4 b5 10. Qd3 Qa5 11. Kb1 Nd7 12. g4 Bb7 13. Bg2 c5 14. Qxb5
Qxb5 15. Nxb5 Ke7 16. e3 Rab8 17. Nc3 Rhc8 18. Ka1 cxd4 19. exd4 Rc4 20. Rhe1
Bxf3 21. Bxf3 Rxd4 22. h3 Nc5 23. Rxd4 Bxd4 24. Nd1 Nd3 25. Re4 Rc8 26. a4 Rc1+
27. Ka2 e5 28. Ne3 g6 29. Nd1 Kd6 30. a5 a6 31. g5 h5 32. h4 Kd7 33. Nc3 Bxc3
34. bxc3 Rxc3 35. Re3 Kd6 36. Be4 Nb4+ 37. Kb2 Rxe3 38. fxe3 Kc5 39. Kc3 Nd5+
40. Kd3 Nb4+ 41. Kc3 Kb5 42. Bb1 Kxa5 43. Kc4 Ka4 44. Kc5 Kb3 45. Kd6 a5 46.
Ke7 a4 47. Kxf7 a3 48. Kxg6 Kb2 49. Kf6 Nd5+ 50. Kf7 Kxb1 51. g6 Nxe3 52. g7
Nf5 0-1

[Event "GEO 68 Ch"]
[Site "?"]
[Date "2009.01.24"]
[Round "8.7"]
[White "Nigalidze, Gaioz"]
[Black "Gagunashvili, Merab"]
[Result "1/2-1/2"]
[WhiteElo "2456"]
[BlackElo "2585"]
[PlyCount "56"]
[EventDate "2009.??.??"]

1. d4 d5 2. c4 c6 3. cxd5 cxd5 4. Nf3 Nc6 5. Nc3 Nf6 6. Bf4 a6 7. e3 Bg4 8. h3
Bxf3 9. Qxf3 e6 10. Bd3 Bd6 11. Bg5 Be7 12. O-O O-O 13. Qe2 Ne8 14. Bxe7 Qxe7
15. Na4 Rc8 16. Rac1 Nd6 17. Nc5 Nb8 18. Rc3 Rc7 19. Rfc1 Rfc8 20. Qc2 g6 21.
Qb3 Rc6 22. a4 a5 23. Bb5 R6c7 24. Qa3 Nxb5 25. axb5 b6 26. Na4 Qxa3 27. bxa3
Rxc3 28. Rxc3 Rxc3 1/2-1/2

[Event "GEO 68 Ch"]
[Site "?"]
[Date "2009.01.26"]
[Round "9.2"]
[White "Azaladze, Shota"]
[Black "Mchedlishvili, Mikheil"]
[Result "1/2-1/2"]
[WhiteElo "2402"]
[BlackElo "2619"]
[PlyCount "28"]
[EventDate "2009.??.??"]

1. Nf3 Nf6 2. c4 g6 3. d4 Bg7 4. g3 O-O 5. Bg2 d5 6. O-O Nc6 7. cxd5 Nxd5 8.
Nc3 Nb6 9. e3 Re8 10. b3 e5 11. dxe5 Nxe5 12. Nxe5 Qxd1 13. Rxd1 Bxe5 14. Bb2
c6 1/2-1/2

[Event "GEO 68 Ch"]
[Site "?"]
[Date "2009.01.26"]
[Round "9.3"]
[White "Benidze, Davit"]
[Black "Shanava, Konstantine"]
[Result "1-0"]
[WhiteElo "2423"]
[BlackElo "2508"]
[PlyCount "81"]
[EventDate "2009.??.??"]

1. d4 g6 2. c4 Bg7 3. Nc3 c5 4. d5 d6 5. e4 Nf6 6. h3 O-O 7. Nf3 e6 8. Bd3 exd5
9. exd5 Re8+ 10. Be3 Rxe3+ 11. fxe3 Qe7 12. O-O Nfd7 13. Kh1 Ne5 14. Nxe5 Bxe5
15. Qf3 Nd7 16. Rad1 Bxc3 17. bxc3 Ne5 18. Qg3 h5 19. Rf4 g5 20. Rdf1 h4 21.
Rxh4 Nxd3 22. Rh6 Bd7 23. Rxf7 Kxf7 24. Rh7+ Ke8 25. Rxe7+ Kxe7 26. Qxg5+ Kf8
27. Qh5 Kg7 28. Qg5+ Kf7 29. Qh6 Bf5 30. Qxd6 Re8 31. Qc7+ Re7 32. Qg3 Be4 33.
Kh2 Re5 34. Qh4 Bf5 35. g4 Be4 36. d6 Ke8 37. Qh8+ Kd7 38. Qb8 Bc6 39. Qc7+ Ke8
40. Qc8+ Kf7 41. d7 1-0

[Event "GEO 68 Ch"]
[Site "?"]
[Date "2009.01.26"]
[Round "9.4"]
[White "Bregadze, Levan"]
[Black "Maghalashvili, Davit"]
[Result "0-1"]
[WhiteElo "2394"]
[BlackElo "2490"]
[PlyCount "58"]
[EventDate "2009.??.??"]

1. e4 c5 2. Nf3 d6 3. d4 cxd4 4. Nxd4 Nf6 5. Nc3 a6 6. Bg5 e6 7. Qd2 Be7 8.
O-O-O h6 9. Be3 Ng4 10. Kb1 Nxe3 11. Qxe3 Nc6 12. Nb3 b5 13. f4 b4 14. Na4 Rb8
15. e5 d5 16. g4 Qc7 17. h4 Qa7 18. Qxa7 Nxa7 19. Bd3 h5 20. Rdg1 hxg4 21. h5
f5 22. exf6 Bxf6 23. Nac5 Rb6 24. Re1 Ke7 25. Bf5 g3 26. Nxe6 Bxe6 27. Nc5 g2
28. Rhg1 Bd4 29. Rxg2 Bxc5 0-1

[Event "GEO 68 Ch"]
[Site "?"]
[Date "2009.01.26"]
[Round "9.5"]
[White "Bagaturov, Giorgi"]
[Black "Arutinian, David"]
[Result "1/2-1/2"]
[WhiteElo "2492"]
[BlackElo "2586"]
[PlyCount "24"]
[EventDate "2009.??.??"]

1. d4 Nf6 2. c4 e6 3. Nf3 d5 4. g3 Bb4+ 5. Bd2 Be7 6. Bg2 O-O 7. Qc2 c6 8. O-O
b6 9. Rd1 Ba6 10. b3 Nbd7 11. Bf4 Rc8 12. Nc3 Qe8 1/2-1/2

[Event "GEO 68 Ch"]
[Site "?"]
[Date "2009.01.26"]
[Round "9.6"]
[White "Gagunashvili, Merab"]
[Black "Margvelashvili, Giorgi"]
[Result "0-1"]
[WhiteElo "2585"]
[BlackElo "2484"]
[PlyCount "88"]
[EventDate "2009.??.??"]

1. e4 c5 2. Nf3 d6 3. d4 cxd4 4. Nxd4 Nf6 5. Nc3 a6 6. f4 e6 7. Qf3 Qb6 8. Nb3
Qc7 9. Bd3 Nbd7 10. Bd2 Be7 11. g4 Nc5 12. Nxc5 dxc5 13. e5 Nd7 14. O-O-O c4
15. Be4 Nc5 16. f5 Bd7 17. f6 gxf6 18. exf6 Bd6 19. Qe2 O-O-O 20. Bg2 Bc6 21.
Bxc6 Qxc6 22. Qxc4 b5 23. Qf1 b4 24. Ne2 Be5 25. Kb1 Ne4 26. Be3 Rxd1+ 27. Qxd1
Rd8 28. Qe1 Qc4 29. Nc1 Rd1 30. Qxd1 Nc3+ 31. bxc3 Qxc3 32. Bd4 Bxd4 33. Qxd4
Qxd4 34. g5 Qh4 35. Rg1 Qxh2 36. Rg4 a5 37. Nd3 Kb7 38. Kb2 Qd2 39. Rf4 Kb6 40.
Rg4 Qe3 41. Kb1 e5 42. Rg2 e4 43. Nc1 a4 44. Re2 Qd4 0-1

[Event "GEO 68 Ch"]
[Site "?"]
[Date "2009.01.26"]
[Round "9.7"]
[White "Charkhalashvili, Inga"]
[Black "Nigalidze, Gaioz"]
[Result "0-1"]
[WhiteElo "2337"]
[BlackElo "2456"]
[PlyCount "120"]
[EventDate "2009.??.??"]

1. d4 d6 2. c4 g6 3. Nc3 Bg7 4. Nf3 Nd7 5. e4 e5 6. dxe5 dxe5 7. Be2 Ne7 8. Be3
O-O 9. Qd2 c6 10. Rd1 Qc7 11. O-O Re8 12. Bh6 Nc5 13. Bxg7 Kxg7 14. b4 Ne6 15.
Qd6 Qxd6 16. Rxd6 f6 17. h3 a5 18. b5 Nc5 19. Rfd1 Be6 20. Ne1 Nc8 21. R6d2 Nb6
22. bxc6 bxc6 23. Rd6 Rac8 24. Rb1 Nbd7 25. Nd3 Nxd3 26. Bxd3 Nc5 27. Be2 Red8
28. Rxd8 Rxd8 29. Rb6 Rc8 30. f3 Kf7 31. Kf2 Ke7 32. Ke3 Kd7 33. Rb1 Kc7 34.
Rc1 Kb6 35. Rb1+ Ka7 36. Rd1 Kb6 37. Rb1+ Kc7 38. Rc1 Bf7 39. Rb1 Rd8 40. Rd1
Rxd1 41. Nxd1 Na4 42. Bd3 Kd6 43. Kd2 Kc5 44. Ne3 h5 45. Bf1 h4 46. Be2 Be6 47.
Bf1 f5 48. exf5 gxf5 49. Bd3 f4 50. Ng4 Kd4 51. a3 Nb2 52. Nf2 Nxc4+ 53. Bxc4
Bxc4 54. Ke1 Bd3 55. Ng4 c5 56. Kd2 c4 57. Nf6 c3+ 58. Kc1 Ba6 59. Ng4 Bf1 60.
Nf2 Ke3 0-1

[Event "GEO 68 Ch"]
[Site "?"]
[Date "2009.01.27"]
[Round "10.3"]
[White "Shanava, Konstantine"]
[Black "Azaladze, Shota"]
[Result "1-0"]
[WhiteElo "2508"]
[BlackElo "2402"]
[PlyCount "67"]
[EventDate "2009.??.??"]

1. e4 g6 2. Nc3 c6 3. d4 d5 4. Nf3 Bg7 5. h3 Nh6 6. Bd3 O-O 7. Qe2 f6 8. exd5
Kh8 9. dxc6 Nxc6 10. O-O Nf5 11. d5 Nfd4 12. Nxd4 Nxd4 13. Qd1 f5 14. Be3 e5
15. f4 Bd7 16. Qd2 Rc8 17. Rad1 Qb6 18. fxe5 f4 19. Bf2 Bxe5 20. Rfe1 Qf6 21.
Rxe5 Qxe5 22. Re1 Nf3+ 23. gxf3 Qh5 24. Bd4+ Kg8 25. Qf2 Bf5 26. Bxf5 Qxf5 27.
Qh4 Rc7 28. Re7 Rxe7 29. Qxe7 Rf7 30. Qe8+ Rf8 31. Qe7 Rf7 32. Qd8+ Rf8 33. Qc7
Qf7 34. Qe5 1-0

[Event "GEO 68 Ch"]
[Site "?"]
[Date "2009.01.27"]
[Round "10.4"]
[White "Maghalashvili, Davit"]
[Black "Benidze, Davit"]
[Result "1-0"]
[WhiteElo "2490"]
[BlackElo "2423"]
[PlyCount "88"]
[EventDate "2009.??.??"]

1. Nf3 Nf6 2. c4 e6 3. Nc3 d5 4. d4 Be7 5. Bg5 O-O 6. e3 h6 7. Bh4 Ne4 8. Bxe7
Qxe7 9. Rc1 c6 10. Bd3 Nxc3 11. Rxc3 Nd7 12. O-O e5 13. dxe5 dxc4 14. Bxc4 Nxe5
15. Nxe5 Qxe5 16. Qb3 Qe7 17. a4 Bf5 18. e4 Qxe4 19. Qxb7 Rab8 20. Qxa7 Rxb2
21. a5 Rb4 22. Qc5 Ra4 23. Bb3 Be6 24. Bxa4 Bd5 25. f3 Qxa4 26. Ra3 Qf4 27. a6
Ra8 28. a7 g6 29. Rb1 Kh7 30. Qb4 Qg5 31. Re1 h5 32. Qb6 Qd2 33. Rae3 Qa2 34.
Re7 h4 35. h3 Qc4 36. Qe3 Qb4 37. Rc7 Qd6 38. Re7 Qb4 39. Qf2 Qa4 40. Rc7 Qf4
41. Ree7 Qa4 42. f4 Kg7 43. Kh2 c5 44. Qxh4 Be6 1-0

[Event "GEO 68 Ch"]
[Site "?"]
[Date "2009.01.27"]
[Round "10.5"]
[White "Charkhalashvili, Inga"]
[Black "Bregadze, Levan"]
[Result "1/2-1/2"]
[WhiteElo "2337"]
[BlackElo "2394"]
[PlyCount "48"]
[EventDate "2009.??.??"]

1. d4 Nf6 2. Nf3 g6 3. Bf4 Bg7 4. e3 O-O 5. c3 d6 6. h3 Nbd7 7. Be2 b6 8. O-O
Bb7 9. a4 a5 10. Na3 Re8 11. Nc4 Ba6 12. Bh2 e6 13. Qc2 Qe7 14. b4 Bb7 15. bxa5
bxa5 16. Nfd2 d5 17. Ne5 Nxe5 18. Bxe5 c5 19. dxc5 Qxc5 20. Qb2 Qe7 21. Bb5
Rec8 22. c4 Nh5 23. Bxg7 Nxg7 24. cxd5 Bxd5 1/2-1/2

[Event "GEO 68 Ch"]
[Site "?"]
[Date "2009.01.27"]
[Round "10.7"]
[White "Nigalidze, Gaioz"]
[Black "Margvelashvili, Giorgi"]
[Result "1/2-1/2"]
[WhiteElo "2456"]
[BlackElo "2484"]
[PlyCount "178"]
[EventDate "2009.??.??"]

1. d4 Nf6 2. c4 e6 3. Nf3 d5 4. Nc3 dxc4 5. e3 a6 6. a4 c5 7. Bxc4 Nc6 8. O-O
Be7 9. Qe2 O-O 10. Rd1 Qc7 11. h3 Rd8 12. Bd3 b6 13. dxc5 Bxc5 14. Bd2 Bb7 15.
Rac1 Ne5 16. Nxe5 Qxe5 17. Bb1 Rd7 18. Be1 Rad8 19. Rxd7 Rxd7 20. Bd3 Qg5 21.
g3 a5 22. Rd1 Qe5 23. Kh2 h5 24. Bd2 h4 25. f4 hxg3+ 26. Kxg3 Qh5 27. Bc1 Kf8
28. Rf1 Qxe2 29. Bxe2 Bb4 30. Nb5 Ne4+ 31. Kh2 Nc5 32. Nd4 Ba6 33. Bxa6 Nxa6
34. b3 Nc5 35. Bb2 Ne4 36. Rc1 Bc5 37. Rc2 Rd6 38. Kg2 f5 39. Kf3 Kf7 40. Ke2
Rd8 41. h4 Rc8 42. Nf3 Rd8 43. Ne5+ Kg8 44. Nc6 Rd6 45. Nd4 Kf7 46. Kd3 Rd8 47.
Rg2 Nf6 48. Ke2 Ng4 49. Nc6 Rh8 50. Ne5+ Nxe5 51. Bxe5 Bf8 52. Bd4 Rxh4 53.
Bxb6 Bb4 54. Kd3 Rh1 55. Bd4 g6 56. Rc2 Rd1+ 57. Kc4 Re1 58. Rh2 Rc1+ 59. Kb5
Rb1 60. Kc6 Rxb3 61. Rh7+ Ke8 62. Rh8+ Ke7 63. Rh7+ Ke8 64. Rb7 Ra3 65. Rb8+
Kf7 66. Rb7+ Ke8 67. Rg7 Bc3 68. Kd6 Bxd4 69. exd4 Kf8 70. Rxg6 Rd3 71. Kxe6
Rxd4 72. Kxf5 Rxa4 73. Ra6 Rb4 74. Kg5 a4 75. f5 a3 76. Kg6 Rb3 77. Ra8+ Ke7
78. f6+ Kd6 79. f7 Rg3+ 80. Kh7 Rf3 81. Kg8 Rg3+ 82. Kf8 Kc5 83. Ke7 Re3+ 84.
Kd7 Rf3 85. Ke6 Kb4 86. f8=Q+ Rxf8 87. Rxf8 a2 88. Ra8 Kb3 89. Rxa2 Kxa2
1/2-1/2

[Event "GEO 68 Ch"]
[Site "?"]
[Date "2009.01.28"]
[Round "11.1"]
[White "Gagunashvili, Merab"]
[Black "Pantsulaia, Levan"]
[Result "1/2-1/2"]
[WhiteElo "2585"]
[BlackElo "2583"]
[PlyCount "99"]
[EventDate "2009.??.??"]

1. Nf3 c5 2. c4 b6 3. g3 Bb7 4. Bg2 g6 5. Nc3 Bg7 6. b3 Nh6 7. O-O Nc6 8. Bb2
Nf5 9. e3 O-O 10. Qc2 Rc8 11. Rfd1 e6 12. Ne2 Nb4 13. Qb1 Be4 14. Qxe4 Bxb2 15.
Rab1 d5 16. cxd5 exd5 17. Qf4 Re8 18. Ne1 Be5 19. Qf3 Nxa2 20. Qxd5 Qxd5 21.
Bxd5 Nb4 22. Bg2 Rcd8 23. Nf3 Bf6 24. Bh3 Nd6 25. d4 Nb5 26. dxc5 Na3 27. Rxd8
Rxd8 28. c6 Nxc6 29. Rc1 Rd6 30. Nc3 Bxc3 31. Rxc3 a5 32. Bf1 b5 33. Rc5 b4 34.
Ne5 Nxe5 35. Rxe5 Rd1 36. Rxa5 Rb1 37. Ra7 Rxb3 38. Rb7 Rb2 39. g4 h6 40. Kg2
Kg7 41. Kg3 Kf6 42. h4 b3 43. Bd3 Kg7 44. g5 hxg5 45. hxg5 Kf8 46. e4 Nb1 47.
Rb8+ Ke7 48. Rb7+ Kf8 49. Rb8+ Ke7 50. Rb7+ 1/2-1/2

[Event "GEO 68 Ch"]
[Site "?"]
[Date "2009.01.28"]
[Round "11.3"]
[White "Sanikidze, Tornike"]
[Black "Shanava, Konstantine"]
[Result "1-0"]
[WhiteElo "2522"]
[BlackElo "2490"]
[PlyCount "79"]
[EventDate "2009.??.??"]

1. d4 g6 2. c4 Bg7 3. Nf3 c5 4. d5 d6 5. e4 Nf6 6. Nc3 O-O 7. h3 e6 8. Bd3 exd5
9. cxd5 a6 10. a4 Re8 11. O-O Nbd7 12. Re1 Qe7 13. Bf4 Nh5 14. Bh2 Ne5 15. g4
Nxd3 16. Qxd3 Nf6 17. e5 dxe5 18. Bxe5 Qd8 19. d6 Be6 20. g5 Nh5 21. Bxg7 Kxg7
22. Ne4 Bf5 23. Rad1 Kg8 24. Qd5 Nf4 25. Qxb7 Rxe4 26. Rxe4 Rb8 27. d7 Bxe4 28.
Qxe4 Ne6 29. h4 Rb4 30. Qc6 Rxb2 31. Qxa6 Qc7 32. Qd6 Qxd6 33. Rxd6 Kf8 34. Ne5
Ke7 35. Rd5 Nd8 36. Rxc5 Rb4 37. a5 Rxh4 38. Nc4 Kxd7 39. a6 Nc6 40. Nb6+ 1-0

[Event "GEO 68 Ch"]
[Site "?"]
[Date "2009.01.28"]
[Round "11.5"]
[White "Benidze, Davit"]
[Black "Charkhalashvili, Inga"]
[Result "1/2-1/2"]
[WhiteElo "2423"]
[BlackElo "2337"]
[PlyCount "102"]
[EventDate "2009.??.??"]

1. c4 Nf6 2. Nc3 e6 3. e4 d6 4. d4 Nbd7 5. Be3 e5 6. d5 c5 7. Bd3 Be7 8. f3 a6
9. Nge2 Qc7 10. Qd2 Rb8 11. b3 Nf8 12. Ng3 g6 13. Bg5 Bd7 14. O-O Qd8 15. Bh6
Rg8 16. a4 a5 17. Rae1 Qb6 18. h3 Nh5 19. Nxh5 gxh5 20. Kh1 Bh4 21. f4 Bxe1 22.
Qxe1 Ng6 23. f5 Ne7 24. Bc2 Qd8 25. Qh4 Nc6 26. f6 Nd4 27. Bd1 Rg6 28. Bg7 Bg4
29. hxg4 Rxg7 30. g5 Rg6 31. Bxh5 Kd7 32. Nb5 Nxb5 33. axb5 b6 34. Rf3 Qg8 35.
Rh3 Kc7 36. Bxg6 hxg6 37. Qg3 Ra8 38. Rh6 Qe8 39. Rh7 Qd7 40. Qh3 Rf8 41. Kh2
Kd8 42. Kg3 Qe8 43. Kf3 Qd7 44. Rg7 Qe8 45. Rh7 Qd7 46. Qh6 Qe8 47. Qg7 Kc8 48.
Kg3 Kd8 49. Rh6 Kc8 50. Rxg6 fxg6 51. Qa7 Qd8 1/2-1/2

[Event "GEO 68 Ch"]
[Site "?"]
[Date "2009.01.28"]
[Round "11.6"]
[White "Margvelashvili, Giorgi"]
[Black "Arutinian, David"]
[Result "1/2-1/2"]
[WhiteElo "2484"]
[BlackElo "2586"]
[PlyCount "39"]
[EventDate "2009.??.??"]

1. e4 c6 2. d4 d5 3. Nc3 dxe4 4. Nxe4 Bf5 5. Ng3 Bg6 6. h4 h6 7. Nf3 Nd7 8. h5
Bh7 9. Bd3 Bxd3 10. Qxd3 Ngf6 11. Bf4 e6 12. O-O-O Be7 13. Kb1 O-O 14. Ne4 Nxe4
15. Qxe4 Nf6 16. Qe2 Qd5 17. Ne5 Qe4 18. Qxe4 Nxe4 19. Be3 Rfd8 20. f3 1/2-1/2

[Event "GEO 68 Ch"]
[Site "?"]
[Date "2009.01.28"]
[Round "11.7"]
[White "Bregadze, Levan"]
[Black "Nigalidze, Gaioz"]
[Result "0-1"]
[WhiteElo "2394"]
[BlackElo "2456"]
[PlyCount "136"]
[EventDate "2009.??.??"]

1. d4 c5 2. d5 Nf6 3. c4 e6 4. Nc3 exd5 5. cxd5 d6 6. Nf3 a6 7. a4 g6 8. g3 Bg7
9. Bg2 O-O 10. Nd2 Nbd7 11. Nc4 Nb6 12. Na3 Re8 13. O-O Bf5 14. a5 Nc8 15. Nc4
b5 16. axb6 Nxb6 17. Qb3 Nxc4 18. Qxc4 Qb6 19. e4 Bd7 20. h3 Bb5 21. Qb3 Nd7
22. Rd1 Bd4 23. Qa2 Ne5 24. Qa5 Qxa5 25. Rxa5 Reb8 26. Bf4 Bc4 27. Bxe5 Bxe5
28. Rd2 Kf8 29. Nd1 Rb4 30. Ne3 Bb5 31. Bf1 Bxf1 32. Kxf1 Rxe4 33. Ra3 a5 34.
Rc2 Rb8 35. Nc4 Rb4 36. Nxe5 Rxe5 37. Rxa5 Rxd5 38. Re2 Rb7 39. h4 Kg7 40. Kg2
Kf6 41. Ra6 Rd4 42. Ra3 h6 43. Rf3+ Kg7 44. b3 g5 45. hxg5 hxg5 46. Ra2 Re7 47.
Rc3 Re1 48. Ra5 Kf6 49. Ra2 Ke6 50. Ra8 Kd5 51. Rf3 g4 52. Rf5+ Kc6 53. Rc8+
Kd7 54. Rg8 Re7 55. Rb8 Ke6 56. Rh5 f5 57. Rh6+ Ke5 58. Rh1 Kd5 59. Rb6 Re2 60.
Rh6 Ke5 61. b4 Rdd2 62. bxc5 Rxf2+ 63. Kg1 dxc5 64. Rhe6+ Kd5 65. Rf6 Kc4 66.
Ra6 Rg2+ 67. Kh1 Rgf2 68. Kg1 Rf3 0-1

[Event "GEO 68 Ch"]
[Site "?"]
[Date "2009.01.29"]
[Round "12.1"]
[White "Pantsulaia, Levan"]
[Black "Margvelashvili, Giorgi"]
[Result "1-0"]
[WhiteElo "2583"]
[BlackElo "2484"]
[PlyCount "85"]
[EventDate "2009.??.??"]

1. Nf3 Nf6 2. c4 c6 3. d4 d5 4. Nc3 dxc4 5. a4 Bf5 6. Ne5 e6 7. f3 c5 8. e4 Bg6
9. Be3 cxd4 10. Qxd4 Qxd4 11. Bxd4 Nfd7 12. Nxd7 Nxd7 13. Bxc4 a6 14. Ke2 Rg8
15. h4 h6 16. h5 Bh7 17. Rhd1 Rc8 18. Ba2 Bc5 19. Bxc5 Nxc5 20. Rac1 Ke7 21. b4
Nd7 22. a5 f5 23. exf5 Bxf5 24. Ke3 Rc6 25. Ne2 Rgc8 26. Rxc6 Rxc6 27. Nd4 Rc3+
28. Kd2 Rd3+ 29. Ke2 Rxd1 30. Kxd1 Kd6 31. Kd2 Nf8 32. Nxf5+ exf5 33. Ke3 Nd7
34. Kf4 Nf6 35. Kxf5 Nxh5 36. Bf7 Ng3+ 37. Kg6 Ke5 38. Kxg7 Nf5+ 39. Kh7 Ne3
40. g4 Kf4 41. Kxh6 Kxf3 42. g5 Kf4 43. Be6 1-0

[Event "GEO 68 Ch"]
[Site "?"]
[Date "2009.01.29"]
[Round "12.3"]
[White "Shanava, Konstantine"]
[Black "Bagaturov, Giorgi"]
[Result "1-0"]
[WhiteElo "2490"]
[BlackElo "2492"]
[PlyCount "70"]
[EventDate "2009.??.??"]

1. e4 c5 2. Nf3 d6 3. d4 cxd4 4. Nxd4 Nf6 5. Nc3 Nc6 6. Bc4 e6 7. Be3 a6 8. Qe2
Qc7 9. O-O-O Na5 10. Bb3 Nxb3+ 11. axb3 b5 12. f3 Be7 13. g4 Nd7 14. Kb1 b4 15.
Na4 Nc5 16. g5 Bd7 17. h4 Bxa4 18. bxa4 Nxa4 19. h5 Rb8 20. h6 g6 21. Qxa6 Nc3+
22. bxc3 bxc3+ 23. Nb3 O-O 24. Rd3 e5 25. Rd5 Ra8 26. Qb6 Qc8 27. Rhd1 Rb8 28.
Qa7 Qc4 29. Bb6 Qb4 30. Ra5 Qxb6 31. Qxe7 Qxa5 32. Qf6 Rxb3+ 33. cxb3 c2+ 34.
Kxc2 Rc8+ 35. Kb1 Kf8 1-0

[Event "GEO 68 Ch"]
[Site "?"]
[Date "2009.01.29"]
[Round "12.4"]
[White "Maghalashvili, Davit"]
[Black "Sanikidze, Tornike"]
[Result "0-1"]
[WhiteElo "2490"]
[BlackElo "2522"]
[PlyCount "88"]
[EventDate "2009.??.??"]

1. Nf3 Nf6 2. g3 g6 3. Bg2 Bg7 4. O-O O-O 5. d3 d5 6. Nbd2 Nc6 7. e4 e5 8. Re1
Re8 9. c3 a5 10. exd5 Nxd5 11. Nc4 h6 12. Qc2 a4 13. Bd2 b5 14. Ne3 Be6 15.
Nxd5 Bxd5 16. Be3 Qd7 17. c4 Bxf3 18. Bxf3 Nb4 19. Qd2 Nxd3 20. Bxa8 Rxa8 21.
cxb5 Qxb5 22. Red1 e4 23. Rab1 h5 24. b4 h4 25. Qe2 Qf5 26. b5 Ne5 27. Bf4 Nf3+
28. Kg2 Nd4 29. Qc4 h3+ 30. Kf1 g5 31. Be3 Nf3 32. Qd5 Nxh2+ 33. Ke2 Qg4+ 34.
Kd2 Nf3+ 35. Kc2 Rc8 36. Rb4 Re8 37. Qc6 Re7 38. Rxa4 h2 39. Ra8+ Kh7 40. Rh1
Qf5 41. Qc4 Qe5 42. Qb3 Rd7 43. Ra4 Rd3 44. Rxe4 Rc3+ 0-1